000 01125nam a22002417a 4500
001 9553
003 FISKH
005 20260123113445.0
008 260123b cb ||||| |||| 00| 0 eng d
020 _a9781398531277
_c27.50$
040 _aFISKH
_beng
_cFISKH
_dFISKH
050 _aPZ7.1 .R5936 .F
082 _a 813.00
100 _aRoberts, Lauren
245 _a Fearless /
_cLauren Roberts
250 _aThis edition​​ published in 2025
260 _aLondon :
_bSimon & Schuster,
_c2024.
300 _a522 pages :
_bcolor map ;
_c24 cm
520 _aPaedyn and Kai are reunited but face a terrible decision in this thrilling conclusion to the New York Times bestselling romantic fantasy trilogy perfect for fans of Sarah J. Maas and The Red Queen. Paedyn Gray and Kai Azer return to the Kingdom of Ilya... And Paedyn has a life-altering choice to make. Whatever she decides will determine her fate and the fate of those around her forever. In the ultimate battle of love and loyalty, who wins?
650 _aPowerless Trilogy
_vBarnes & Noble Exclusive
_xHaunting adeline
942 _2ddc
_cBK
_n0
999 _c9553
_d9553